000 nam a22 7a 4500
999 _c21156
_d21156
008 170121b xxu||||| |||| 00| 0 eng d
020 _a9780072946574
050 _aHF 5271 .L37 2005
100 _aLesikar, Raymond V.
_d2005.
245 _aBasic Business Communication:
_bSkills for empowering the internet generation/
_cRaymond V. Lesikar, Marie E. Flatley.
250 _a10th ed.
260 _aLondon:
_bMc Graw Hill,
_c2005.
300 _axxx, 606p.:
_bill.;
_c28cm.
521 _aIncludes bibliographical references and index.
650 _aCommercial correspondence.
650 _aBusiness communication.
650 _aEnglish language.
700 _aFlatley, Marie E.
942 _2lcc
_cBOOKS
_hHF 5271 .L37 2005